000 00504nam a2200181Ia 4500
005 20250508162325.0
008 008 250505s9999 xx 000 0 eng d
037 _aTextual
040 _aFEDL
_beng
_cFEDL
041 _aeng
_2eng
084 _a371.7, NAM
_qFEDL
100 _aNamjoshi G K
_9772864
245 0 _aHealth and population education
260 _aAhmedabad, India
_bNandadeep Prakashan
_c1979
300 _av,139p
942 _cTEXL
_h371.7, NAM
999 _c1375843
_d1375843